000
00285 a2200145 4500
001
111473
041
_a
por
090
_a
JK A/F
245
1
0
_a
TV Samsung 5
250
_a
. ed.
300
_a
Marca Samsung
040
_a
BR-BrIDEA
_c
BR-BrIDEA
260
_a
[S.l.]
_c
2016
942
_c
DE
999
_c
111473
_d
111473